000 00700nam a2200241Ia 4500
003 OSt
005 20220930063906.0
006 a|||||r|||| 00| 0
007 ta
008 220926b |||||||| |||| 00| 0 eng d
024 _a3458
037 _cTheses
040 _aCRL
_cCRL
_beng
041 _2eng
_aeng
100 _aDash Chandra Sekhar
_9389661
110 _aUniversity of Delhi. Faculty of Social Sciences. Department of Commerce
245 0 _aGroup dynamics and work performance
260 _c1955
650 _aCOMMERCE
700 _aUniversity of Delhi. Faculty of Social Sciences. Department of Commerce
942 _cDIS
_2CC
999 _c857454
_d857454